=LDR 00000nam 2200000 4500 =001 INLIS000000000039113 =005 20130612144750 =008 ***********************************ind** =035 ##$$a0010-061300000039113 =041 ##$$a ind =082 ##$$a 813 =090 ##$$a 813, str t =100 ##$$a Stroud, Jonahtan =245 ##$$a The Bartimaeus Trilogy Buku Kedua, The Golem's Eye, Jonathan Stroud =650 ##$$a Fiksi =850 ##$$a NBPNMAT =990 ##$$a 21195133/BPAP-NTB/2014 =990 ##$$a 0001/BPAP-NTB/20142014